| 000 -LEADER |
| fixed length control field |
00476nam a22001577a 4500 |
| 005 - DATE AND TIME OF LATEST TRANSACTION |
| control field |
20231016103241.0 |
| 008 - FIXED-LENGTH DATA ELEMENTS--GENERAL INFORMATION |
| fixed length control field |
231016s1974 ru ||||| |||| 00| 0 rus d |
| 041 ## - LANGUAGE CODE |
| Language code of text/sound track or separate title |
rus |
| 080 ## - UNIVERSAL DECIMAL CLASSIFICATION NUMBER |
| Universal Decimal Classification number |
72(082.1) M-27 |
| 100 ## - MAIN ENTRY--PERSONAL NAME |
| Personal name |
Марковин В.И. |
| 9 (RLIN) |
20081 |
| 245 ## - TITLE STATEMENT |
| Title |
Дорогами и тропами Дагестана / |
| Statement of responsibility, etc. |
В.И. Марковин. |
| 264 ## - PRODUCTION, PUBLICATION, DISTRIBUTION, MANUFACTURE, AND COPYRIGHT NOTICE |
| Place of production, publication, distribution, manufacture |
Москва, |
| Date of production, publication, distribution, manufacture, or copyright notice |
1974. |
| 300 ## - PHYSICAL DESCRIPTION |
| Extent |
184 стр.: |
| Other physical details |
17 cm. |
| 653 ## - INDEX TERM--UNCONTROLLED |
| keyword |
დაღესტანი |
| 942 ## - ADDED ENTRY ELEMENTS (KOHA) |
| Source of classification or shelving scheme |
|
| Koha item type |
წიგნი |